000 00706nam a22002057a 4500
003 0
005 20260205102849.0
008 260205b xxu||||| |||| 00| 0 eng d
020 _a978-0-545-28932-0
050 _aFIC
_bSt859 2011
082 _aFIC
_bSt859 2011
100 _aStine, R.L.
245 _aWhy I quit zombie school /
_cR.L. Stine.
260 _aNew York, NY :
_bScholastic Inc.,
_c2011.
300 _a139 pages ;
_c20 cm.
520 _aWhen Matt's parents send him to a strange boarding school, where the students move at a dead-slow pace, he begins to suspect he has been enrolled in a school for zombies.
650 _aHorror fiction.
650 _aChildren's stories.
942 _2ddc
_cBK
999 _c368796
_d368796